| 000 | 00924nam a22002297a 4500 | ||
|---|---|---|---|
| 005 | 20250408153816.0 | ||
| 008 | 250408b |||||||| |||| 00| 0 eng d | ||
| 020 | _a978-81-951640-9-7 (pbk) | ||
| 037 | _cTB | ||
| 040 |
_aCRL _cCRL |
||
| 041 |
_2hin _ahin |
||
| 084 |
_aX:3M24xM18 152R1 _qCRL |
||
| 100 | _aप्रधान, गोपाल | ||
| 245 | _aमार्क्सवाद का नवीकरण | ||
| 260 |
_aदिल्ली, भारत: _bपरिकल्पना, _c2021. |
||
| 300 | _a254पृ0 | ||
| 365 |
_b275.00 _cINR |
||
| 650 | _aमार्क्सवाद | ||
| 650 | _aअर्थशास्त्र | ||
| 942 |
_2CC _cTB _hX:3M24xM18 152R1 _n0 |
||
| 999 |
_c1308544 _d1308544 |
||